Kim jestem? - Statystyki

Ogólne statystyki
  • Ten quiz został rozwiązany 35 razy
  • Średni wynik to 8 z 20
Statystyki odpowiedzi
Z mojego życia: Kim jestem? % Poprawnych
Straciłem córkę i napisałem o tym kilkanaście utworów. Jan Kochanowski
91%
Zostałem postrzelony przez tureckiego zamachowcę, któremu późniejprzebaczyłem. Jan Paweł II
72%
Byłem prowadzącym znanego TV show, ale odnalazłem się w Sejmie. Szymon Hołownia
69%
Byłem prezydentem Stanów Zjednoczonych, w roku, w którym doszło do ataku na World Trade Centre. George Bush
59%
W 2011 r. miałem wypadek, a 14 lat później wygrałem 24h Le Mans Robert Kubica
56%
Przysięgę mojego imienia składają lekarze. Hipokrates
50%
Jestem najpopularniejszym youtuberem na świecie. MrBeast
50%
Przeze mnie zmieniono nazwę stopnia wojskowego z generała armii na generała,ponieważ za bardzo kojarzył się ze zbrodniami które popełniłem w 1981r. Wojciech Jaruzelski
50%
Panowałam swoim krajem przez 70 lat 7 miesięcy i 2 dni. Elżbieta II
47%
Zadłużyłem Polskę za granicą na 1,1 mld $ Edward Gierek
41%
Rozbiłem się helikopterem, w którym leciała jeszcze moja córka Kobe Bryant
41%
Jestem amerykańsko-polskim koszykarzem i gram w San Antonio Spurs. Jeremy Sochan
38%
Byłem kapralem w Wojsku Polskim podczas II wojny światowej i umiałem wziąć na siebie kilka skrzyń amunicji naraz. Kapral Wojtek/Miś Wojtek
34%
Jestem twórcą serii filmów: "Gwiezdne Wojny" George Lucas
31%
Byłam bardzo znaną piosenkarką jazzową, ale bardzo młodo umarłam przez alkohol. Amy Winehouse
25%
Jestem autorem słów: "Jeśli coś jest niemożliwe do wykonania - dajcie to zrobić Polakom." Napoleon Bonaparte
22%
Byłem majorem Sił Powietrznych RP, ale rozbiłem się samolotem na ćwiczeniach. Slab/Maciej Krakowian
19%
Nazywają mnie "ojcem bomby atomowej". Robert Oppenheimer
16%
Razem z mężem dostaliśmy łącznie 3 nagrody Nobla. Maria Skłodowska-Curie
9%
Strzeliłem 9 bramek w jednym meczu przeciwko Argentynie. Erling Haaland
3%
Nie znaleziono quizów pasujących do podanych kryteriów
Rozkład punktacji
Procent ludzi z każdym wynikiem
Percentyl według liczby udzielonych odpowiedzi
Twoja historia wyników
Nie rozwiązałeś tego quizu